Natur und Umwelt #FidA - Statistiken

Allgemein
  • Dieses Quiz wurde 41 mal gespielt
  • Das Durchschnittsergebnis liegt bei 6 aus 15
Antwortstatistiken
Frage Antwort % Korrekt
Warum sind die Boddengewässer an der Ostseeküste ökologisch besonders wertvoll? Sie sind Übergangszonen zwischen Salz- und Süßwasser und bieten vielen Tieren und Pflanzen Lebensraum
87%
Warum sind Moore wichtige Lebensräume für den Klimaschutz? Sie speichern große Mengen an Kohlenstoff
68%
Wie heißt das geologische Phänomen auf Rügen, das für seine große Anzahl an Fossilien und steinerne Relikte bekannt ist? Die Kreideküste
55%
Wie viel Prozent des Landes Mecklenburg-Vorpommern sind mit Wald bedeckt? 23%
52%
Welcher Nationalpark ist der größte in Mecklenburg-Vorpommern? Müritz-Nationalpark
48%
Welche Tierart wurde im Müritz-Nationalpark erfolgreich wieder angesiedelt? Fischotter
39%
Welche Maßnahme hilft am meisten, um den Wasserverbrauch im Haushalt zu reduzieren? Regenwasser für Gartenbewässerung nutzen
39%
Wie lange dauert es, bis eine Plastikflasche in der Natur vollständig zersetzt wird? 450 Jahre
35%
Wie viele natürliche Seen gibt es in Mecklenburg-Vorpommern ungefähr? 2000
32%
Welcher Boden ist besonders fruchtbar und ideal für die Landwirtschaft? Lehmboden
32%
Welches ist das tiefste Gewässer in Mecklenburg-Vorpommern und wie tief ist es? Schaalsee
29%
Welches dieser nicht heimischen Tieren, werden nicht in Mecklenburg-Vorpommern gezüchtet. (Außerhalb von Zoos)
26%
Welche Erneuerbare Energiequelle wird weltweit am meisten genutzt?
19%
Welche Küstenlandschaft in Mecklenburg-Vorpommern verändert sich durch natürliche Prozesse am stärksten? Hiddensee
19%
Welche Fischart ist besonders typisch für die Boddengewässer?
16%
Keine übereinstimmenden Quizze gefunden
Verteilung der Resultate
Anzahl Personen mit jedem Resultat
Perzentil nach korrekt beantworteten Fragen
Ihre Resultats-Entwicklung
Sie haben dieses Quiz noch nicht gespielt